00449nam a22001572 4500001001100000005001700011008004100028040001500069100003600084245005900120250001300179260003200192300001600224651004800240852000300288000001179620151217155848.0090108s xx 000 0 eng d aKABUcKABU1 aHinawy, Mbarak Ali.@000016142310aAl-Akida and Fort Jesus, Mombasa /cMbarak Ali Hinawy. a1st ed. aLondon :bMacmillan,c1950. avii, 88 p. 0aAfrica, EastxHistoryyTo 1886.@00001614251